[Event "St Petersburg Botvinnik Memorial op"]
[Site "St Petersburg"]
[Date "2012.09.02"]
[Round "9"]
[White "Trumul, Svetlana"]
[Black "Oxener, Aldo"]
[Result "0-1"]
[WhiteElo "1474"]
[BlackElo "1513"]
[PlyCount "72"]
[EventDate "2012.08.25"]
[EventType "swiss"]
[EventRounds "9"]
[EventCountry "RUS"]
[SourceTitle "CBM 150 Extra"]
[Source "ChessBase"]
[SourceDate "2012.10.19"]
[SourceVersion "1"]
[SourceVersionDate "2012.10.19"]
[SourceQuality "1"]

1. e4 d5 2. exd5 Qxd5 3. Be2 Nf6 4. Nf3 a6 5. Nc3 Qd6 6. 0-0 b5 7. d3 Bb7 8. a3 Nbd7 9. b4 e6 10. Bb2 Be7 11. Qd2 0-0 12. Rad1 c5 13. Ng5 cxb4 14. Nce4 Nxe4 15. Nxe4 Bxe4 16. dxe4 Qxd2 17. Rxd2 Nc5 18. Bf3 Na4 19. Rd7 bxa3 20. Rxe7 axb2 21. Rb1 Rac8 22. Bd1 Nc3 23. Rxb2 Nxd1 24. Ra2 Ra8 25. Ra1 Rfd8 26. Kf1 Nc3 27. f3 a5 28. e5 a4 29. f4 a3 30. f5 a2 31. fxe6 fxe6 32. Rxe6 Rd1+ 33. Rxd1 Nxd1 34. Ke2 a1Q 35. Re7 Nc3+ 36. Kd3 Rd8+ 0-1

[Event "St Petersburg Botvinnik Memorial op"]
[Site "St Petersburg"]
[Date "2012.09.01"]
[Round "8"]
[White "Bezobrazov, Lev"]
[Black "Trumul, Svetlana"]
[Result "1-0"]
[WhiteElo "1675"]
[BlackElo "1474"]
[PlyCount "107"]
[EventDate "2012.08.25"]
[EventType "swiss"]
[EventRounds "9"]
[EventCountry "RUS"]
[SourceTitle "CBM 150 Extra"]
[Source "ChessBase"]
[SourceDate "2012.10.19"]
[SourceVersion "1"]
[SourceVersionDate "2012.10.19"]
[SourceQuality "1"]

1. Nf3 d6 2. d4 Nc6 3. b3 Nf6 4. e3 Bf5 5. Bd3 Bxd3 6. Qxd3 e6 7. Bb2 Be7 8. Nc3 d5 9. Qb5 0-0 10. Qxb7 Nb4 11. Rc1 Bd6 12. Qb5 Ng4 13. h3 Nh6 14. a3 Rb8 15. Qa4 Nc6 16. Qxc6 Rb6 17. Qa4 Qf6 18. b4 a6 19. Ne2 Rfb8 20. c3 c5 21. dxc5 Bxc5 22. Qc2 Bd6 23. c4 Qe7 24. Qc3 f6 25. c5 Be5 26. Nxe5 Rc8 27. Ng4 Nf7 28. Qd4 e5 29. Qxd5 Rbb8 30. Qb3 Rd8 31. Rd1 h5 32. Nh2 Rdc8 33. Qc3 a5 34. Nf3 axb4 35. axb4 Rd8 36. 0-0 Rdc8 37. Rd2 Rc7 38. Rfd1 Rbb7 39. Nh4 Kh7 40. Qd3+ e4 41. Qc3 Rc6 42. Nd4 Rcc7 43. Nhf5 Qe8 44. Nxg7 Qe5 45. Nge6 Rc8 46. Nf4 Rg8 47. Nde6 Qf5 48. Rd5 Ne5 49. c6 Rxg2+ 50. Kxg2 Rg7+ 51. Nxg7 Qg5+ 52. Kf1 Qxg7 53. Rxe5 fxe5 54. Rd7 1-0

[Event "St Petersburg Botvinnik Memorial op"]
[Site "St Petersburg"]
[Date "2012.08.30"]
[Round "6"]
[White "Trumul, Svetlana"]
[Black "Gusev, Boris"]
[Result "0-1"]
[WhiteElo "1474"]
[BlackElo "1724"]
[PlyCount "102"]
[EventDate "2012.08.25"]
[EventType "swiss"]
[EventRounds "9"]
[EventCountry "RUS"]
[SourceTitle "CBM 150 Extra"]
[Source "ChessBase"]
[SourceDate "2012.10.19"]
[SourceVersion "1"]
[SourceVersionDate "2012.10.19"]
[SourceQuality "1"]

1. e4 e6 2. Nf3 d5 3. exd5 exd5 4. d4 Nf6 5. Nc3 Bf5 6. Be2 Bd6 7. 0-0 c6 8. Bg5 Nbd7 9. Re1 0-0 10. Bd3 Bg4 11. h3 Bh5 12. Re3 Qc7 13. Qd2 h6 14. Bh4 Bf4 15. Bg3 Bxf3 16. Bxf4 Qxf4 17. gxf3 Nh5 18. Ne2 Qh4 19. Bf5 Qg5+ 20. Bg4 f5 21. f4 Nxf4 22. Nxf4 Qxf4 23. Bf3 Nf6 24. Kh1 Nh7 25. Rg1 Ng5 26. Qe2 Ne4 27. Bxe4 fxe4 28. f3 exf3 29. Re7 Rf7 30. Re8+ Rxe8 31. Qxe8+ Kh7 32. Rg4 Qf5 33. Qe1 f2 34. Qf1 Re7 35. Kh2 Re1 36. Qg2 g5 37. Kg3 f1Q 38. Qxf1 Rxf1 39. Kh2 Qxc2+ 40. Rg2 Rf2 41. Rxf2 Qxf2+ 42. Kh1 Qxb2 43. a4 Kg6 44. a5 Kf5 45. Kg1 Ke4 46. Kf1 Kxd4 47. a6 bxa6 48. h4 gxh4 49. Kg1 a5 50. Kf1 a4 51. Ke1 a3 0-1

[Event "St Petersburg Botvinnik Memorial op"]
[Site "St Petersburg"]
[Date "2012.08.28"]
[Round "4"]
[White "Lysukha, Nikita"]
[Black "Trumul, Svetlana"]
[Result "1-0"]
[WhiteElo "1759"]
[BlackElo "1474"]
[PlyCount "87"]
[EventDate "2012.08.25"]
[EventType "swiss"]
[EventRounds "9"]
[EventCountry "RUS"]
[SourceTitle "CBM 150 Extra"]
[Source "ChessBase"]
[SourceDate "2012.10.19"]
[SourceVersion "1"]
[SourceVersionDate "2012.10.19"]
[SourceQuality "1"]

1. d4 d5 2. c4 c6 3. Nf3 Nf6 4. Nc3 Bf5 5. Qb3 e6 6. cxd5 cxd5 7. Qxb7 Nbd7 8. e3 Be7 9. Bb5 0-0 10. 0-0 Nb6 11. Ne5 Bd6 12. Nc6 Qd7 13. Qa6 Qc7 14. f4 h5 15. Ne5 h4 16. Bd2 h3 17. g3 Ne4 18. Nxe4 Bxe4 19. Rac1 Nc4 20. Nxc4 dxc4 21. Bxc4 Qe7 22. Bd3 Bb7 23. Qa4 Bg2 24. Rf2 Rab8 25. Bc3 Rfc8 26. Bf1 Be4 27. Bxh3 Bb4 28. Bg2 Bf5 29. e4 Bh7 30. Rfc2 Bxc3 31. Rxc3 Rxc3 32. Rxc3 Bg6 33. Rb3 Rd8 34. Qb4 Qe8 35. Rc3 Rd7 36. b3 Bh5 37. Qa4 Be2 38. Rc7 Rxc7 39. Qxe8+ Kh7 40. h3 Rc2 41. e5 Rc1+ 42. Kf2 Ba6 43. Be4+ Kh6 44. Qh8# 1-0

[Event "Kesarovski Georgiev Memorial 9th"]
[Site "Sunny Beach"]
[Date "2010.09.02"]
[Round "6"]
[White "Milfort, Vaclav"]
[Black "Trumul, Svetlana"]
[Result "1-0"]
[WhiteElo "1661"]
[BlackElo "1480"]
[PlyCount "91"]
[EventDate "2010.08.28"]
[EventType "swiss"]
[EventRounds "9"]
[EventCountry "BUL"]
[SourceTitle "CBM 138 Extra"]
[Source "ChessBase"]
[SourceDate "2010.10.29"]
[SourceVersion "1"]
[SourceVersionDate "2010.10.29"]
[SourceQuality "1"]

1. d4 d5 2. Nf3 Nf6 3. c4 c6 4. e3 Bg4 5. h3 Bh5 6. cxd5 Bxf3 7. Qxf3 cxd5 8. Bb5+ Nbd7 9. 0-0 e6 10. Nc3 Bd6 11. e4 dxe4 12. Nxe4 Nxe4 13. Qxe4 Rb8 14. Be3 0-0 15. Rac1 Nf6 16. Qf3 a6 17. Be2 b5 18. Rc6 Rb6 19. Rfc1 Nd5 20. a3 Rxc6 21. Rxc6 Nc7 22. Bf4 Bxf4 23. Qxf4 Qd7 24. Rxc7 e5 25. Rxd7 exf4 26. d5 Rc8 27. Kh2 Kf8 28. d6 Ke8 29. Bg4 Rc6 30. Re7+ Kd8 31. Rxf7 Rxd6 32. Rxg7 h6 33. Rg8+ Ke7 34. Rc8 Rd2 35. Rc6 a5 36. b3 Rxf2 37. Rxh6 a4 38. bxa4 bxa4 39. Ra6 Kf7 40. Rxa4 Kg6 41. Ra5 Kf6 42. a4 Kg6 43. Ra8 Kg7 44. a5 Kf7 45. a6 Ke7 46. a7 1-0